00425nam a22001457a 450000500170000001000120001702000260002903700240005508200060007924500310008526000350011627000610015130000230021249000440023520111018102818.0 aB444668 a9788120737952c225.00 bBlue Berry/VenaDPL aS aSherman came for a visit / aNew DelhibSterling Publishers aA-59, Okhla Industrial Area, Phase-IIbNew Delhie110020 aunpaged.c27cm(Hb) aFisher-price Ready Reader story book TM